[Event "FRA-chT3 Gr01 0607"]
[Site "France"]
[Date "2007.03.18"]
[Round "7.8"]
[White "Olmeta, Khansine"]
[Black "Rapaire, Jean Michel"]
[Result "0-1"]
[WhiteElo "1009"]
[BlackElo "1979"]
[PlyCount "58"]
[EventDate "2006.10.15"]
[EventType "team"]
[EventRounds "9"]
[EventCountry "FRA"]
[SourceTitle "EXT 2008"]
[Source "ChessBase"]
[SourceDate "2007.11.25"]
[SourceVersion "1"]
[SourceVersionDate "2007.11.25"]
[SourceQuality "1"]

1. e4 d5 2. Nc3 d4 3. Nd5 e6 4. Nf4 e5 5. Nd5 c6 6. Nb4 Bxb4 7. Nf3 Bg4 8. Bc4 Qf6 9. 0-0 Bxf3 10. gxf3 Ne7 11. Re1 Ng6 12. Bf1 Nf4 13. c3 Bc5 14. d3 Qg5+ 15. Kh1 dxc3 16. Bxf4 Qxf4 17. bxc3 Bxf2 18. d4 Bxe1 19. Qxe1 Qxf3+ 20. Kg1 Nd7 21. Bg2 Qg4 22. dxe5 Nxe5 23. Kh1 0-0 24. Bf1 Rad8 25. Be2 Qxe4+ 26. Kg1 Rfe8 27. a4 Nf3+ 28. Kf2 Nxe1 29. Kxe1 Qxe2# 0-1